Normal view
MARC view
Entry Topical Term
001 - CONTROL NUMBER
- control field: 8943
003 - CONTROL NUMBER IDENTIFIER
- control field: BD-RjUL
005 - DATE AND TIME OF LATEST TRANSACTION
- control field: 20230911174411.0
008 - FIXED-LENGTH DATA ELEMENTS
- fixed length control field: 230911|| aca||aabn | a|a d
040 ## - CATALOGING SOURCE
- Original cataloging agency: BD-RjUL
- Transcribing agency: BD-RjUL
150 ## - HEADING--TOPICAL TERM
- Topical term or geographic name entry element: Tribal communities
- Form subdivision: Communities
- Geographic subdivision: Bangladesh
670 ## - SOURCE DATA FOUND
- Source citation: Work cat.: (BD-RjUL)81903: Toppo, Arook 8942, Impact of environmental change on natural resource-based food system of tribal communities of North-Western region in Bangladesh /, 2016